Numéros et chefs-lieux - Statistiques

Statistiques générales
  • Ce quiz a été pris 18 fois
  • Le résultat moyen est 4 sur 6
Statistiques - réponses
Hint Réponse % Correct
92 Nanterre
94%
01 Bourg-en-bresse
82%
61 Alençon
71%
17 La Rochelle
71%
65 Tarbes
71%
88 Epinal
59%
Aucun quiz correspondant
Distribution des résultats
% des personnes avec chaque résultat
Percentile par nombre de réponses
Votre historique - résultats
Vous n’avez pas pris ce quiz